Welcome to CU Library Online Public Access Catalogue (OPAC)

ARCHAEOLOGY AND THE OLD TESTAMENT (Record no. 6460)

MARC details
000 -LEADER
fixed length control field 00356nam a22001337a 4500
005 - DATE AND TIME OF LATEST TRANSACTION
control field 20250613135705.0
008 - FIXED-LENGTH DATA ELEMENTS--GENERAL INFORMATION
fixed length control field 250613b |||||||| |||| 00| 0 eng d
050 ## - LIBRARY OF CONGRESS CALL NUMBER
Classification number BS621
Item number PRI
100 ## - MAIN ENTRY--PERSONAL NAME
Personal name PRITCHARD,JAMES B.
245 ## - TITLE STATEMENT
Title ARCHAEOLOGY AND THE OLD TESTAMENT
260 ## - PUBLICATION, DISTRIBUTION, ETC.
Place of publication, distribution, etc. LONDON
Name of publisher, distributor, etc. OXFORD UNIVERSITY PRESS
Date of publication, distribution, etc. c1958
300 ## - PHYSICAL DESCRIPTION
Extent xii, 263p
942 ## - ADDED ENTRY ELEMENTS (KOHA)
Source of classification or shelving scheme Library of Congress Classification
Koha item type Books
Suppress in OPAC No
999 ## -
-- 6460
-- 6460
Holdings
Withdrawn status Lost status Source of classification or shelving scheme Damaged status Not for loan Collection Home library Current library Shelving location Date acquired Total checkouts Full call number Barcode Date last seen Copy number Price effective from Koha item type
    Library of Congress Classification     Non-fiction Undergraduate Library (Christ Temple) Undergraduate Library (Christ Temple) General stacks 06/13/2025   BS621 PRI ulct00003270 06/13/2025 1 06/13/2025 Books
© 2023-2024 Copyright: Central University Libraries. All Rights Reserved | Created by: Mahone Tech Office